Biblioteca

Tratados y juramentos en el Antiguo Oriente Próximo (Registro nro. 33069)

Detalles MARC
000 -LÍDER
Campo fijo de descripción fija 00894nam a22002777a 4500
001 - NÚMERO DE CONTROL
Campo de control 1970
003 - IDENTIFICADOR DEL NÚMERO DE CONTROL
Campo de control CO-MdFUSB
005 - FECHA Y HORA DE LA ULTIMA TRANSACCIÓN
control field 20170602113321.0
008 - ELEMENTOS DE LONGITUD FIJA -- INFORMACIÓN GENERAL
Campo fijo de descripción fija -- Información general 170602t1994 s ||||| |||| 00| 0 s d
020 ## - NÚMERO INTERNACIONAL NORMALIZADO PARA LIBROS
Número Internacional Normalizado del libro 84-7151-956-9
040 ## - FUENTE DE CATALOGACIÓN
Agencia de catalogación original CO-MdFUSB
Idioma de catalogación spa
Agencia que realiza la transcripción CO-MdFUSB
Agencia que realiza la modificación CO-MdFUSBC
Convenciones de la descripción rda
041 0# - CÓDIGO DE IDIOMA
Código de idioma para texto/pista de sonido o título separado spa
082 04 - NÚMERO DE CLASIFICACIÓN DECIMAL DEWEY
Número de clasificación G 221.04 B8537t
100 1# - ASIENTO PRINCIPAL--NOMBRE PERSONAL
Nombre personal Puech, Émile
Término relacionador autor
245 #0 - TÍTULO
Título del Material Tratados y juramentos en el Antiguo Oriente Próximo
Mención de responsabilidad, etc. / Émile Puech, Jacques Briend, René Lebrun ; Nicolás Darrícal, Traductor
264 #4 - PRODUCCIÓN, PUBLICACIÓN, DISTRIBUCIÓN, MANUFACTURA, Y COPYRIGHT
Lugar de producción, publicación, distribución, manufactura Estella, Navarra, España :
Nombre del productor, publicador, distribuidor Verbo Divino,
Fecha de producción, publicación, distribución, manufactura, o copyright ©1994
300 ## - DESCRIPCIÓN FÍSICA
Extensión 109 Pag
336 ## - TIPO DE CONTENIDO
Fuente rdacontent
Término de tipo de contenido
Código de tipo de contenido
337 ## - TIPO DE MEDIO
Fuente rdamedia
Nombre del tipo de medio
Código del tipo de medio
338 ## - TIPO DE SOPORTE
Fuente rdacarrier
Nombre del tipo de soporte
Código Tipo de soporte
500 ## - NOTA GENERAL
Nota General Título original : Traités et serments dans le Proche-Orient Ancien
650 #7 - ASIENTO SECUNDARIO DE MATERIA - TERMINO TEMÁTICO
Término temático o nombre geográfico como elemento de entrada Literatura clásica
9 (RLIN) 109
653 ## - TÉRMINO DE INDIZACIÓN - NO CONTROLADO
Término no controlado Cercano Oriente
653 ## - TÉRMINO DE INDIZACIÓN - NO CONTROLADO
Término no controlado Alianzas
942 ## - TIPO DE MATERIAL (KOHA)
Tipo de Item KOHA Libros General
Existencias
Estado de Material Estado de Perdido Estado de Dañado No para Préstamo Colección Tomo Biblioteca de Origen Biblioteca Permanente Fecha de Adquisición Total de Préstamos Signatura Topográfica Código de Barras Última vez visto Última vez Préstado Ejemplar/Existencia Fecha de Remplazo Tipo de Material
        Colección General   Biblioteca FUSBC Biblioteca FUSBC 08/11/2004 1 G 221.04 B8537t 1467 12/12/2019 24/03/2017 1 26/01/2016 Libros General

Biblioteca FUSBC | Teléfono: (57+4) 349 88 10 Ext. 141| WhatsApp (+57) 3005338115 
E-mail: biblioteca@unisbc.edu.co | Calle 76 87-14 Robledo Palenque, Medellín, Colombia

Con tecnología Koha